<?xml version="1.0" encoding="UTF-8"?>
<record
    xmlns:xsi="http://www.w3.org/2001/XMLSchema-instance"
    xsi:schemaLocation="http://www.loc.gov/MARC21/slim http://www.loc.gov/standards/marcxml/schema/MARC21slim.xsd"
    xmlns="http://www.loc.gov/MARC21/slim">

  <leader>00727nam a2200181 i 4500</leader>
  <controlfield tag="001">47172</controlfield>
  <controlfield tag="003">ES-MaACL</controlfield>
  <controlfield tag="005">20250811072828.0</controlfield>
  <controlfield tag="007">t|</controlfield>
  <controlfield tag="008">030404s1964    sp           ||||1| spa d</controlfield>
  <datafield tag="110" ind1="2" ind2=" ">
    <subfield code="a">Pamlona. </subfield>
    <subfield code="b">Ayuntamiento.</subfield>
    <subfield code="9">6110</subfield>
  </datafield>
  <datafield tag="245" ind1="1" ind2="0">
    <subfield code="a">Convenio entre el Excelent&#xED;simo Ayuntamiento de Pamplona y la Junta Central de Acuartelamiento del Ministerio del Ej&#xE9;rcito para la cesi&#xF3;n de propiedades y terrenos militares enclavados en el casco urbano de esta ciudad.</subfield>
  </datafield>
  <datafield tag="260" ind1=" " ind2=" ">
    <subfield code="a">[Pamplona : </subfield>
    <subfield code="b">s.n., </subfield>
    <subfield code="c">1964] (</subfield>
    <subfield code="f">Imp. Cometip)</subfield>
  </datafield>
  <datafield tag="300" ind1=" " ind2=" ">
    <subfield code="a">15 h. : </subfield>
    <subfield code="b">3 map. ; </subfield>
    <subfield code="c">34 cm.</subfield>
  </datafield>
  <datafield tag="710" ind1="1" ind2=" ">
    <subfield code="a">Espa&#xF1;a. </subfield>
    <subfield code="b">Ministerio del Ej&#xE9;rcito</subfield>
    <subfield code="9">3939</subfield>
  </datafield>
  <datafield tag="852" ind1=" " ind2=" ">
    <subfield code="a">ES-MaACL</subfield>
    <subfield code="j">1943-F-25 </subfield>
    <subfield code="b">R.56023</subfield>
  </datafield>
  <datafield tag="999" ind1=" " ind2=" ">
    <subfield code="c">47172</subfield>
    <subfield code="d">47172</subfield>
  </datafield>
  <datafield tag="952" ind1=" " ind2=" ">
    <subfield code="0">0</subfield>
    <subfield code="1">0</subfield>
    <subfield code="4">0</subfield>
    <subfield code="7">0</subfield>
    <subfield code="8">Colecci&#xF3;n_de_folletos</subfield>
    <subfield code="a">ATENEOM</subfield>
    <subfield code="b">ATENEOM</subfield>
    <subfield code="c">DEPOF</subfield>
    <subfield code="d">2008-01-17</subfield>
    <subfield code="e">SC</subfield>
    <subfield code="l">0</subfield>
    <subfield code="o">1943-F-25</subfield>
    <subfield code="p">1049617</subfield>
    <subfield code="r">2023-02-23 00:00:00</subfield>
    <subfield code="w">2023-02-23</subfield>
    <subfield code="y">FOLLETOS</subfield>
  </datafield>
</record>
